| 000 | 00473nam a2200193Ia 4500 | ||
|---|---|---|---|
| 005 | 20230327091232.0 | ||
| 008 | 131103s9999 xx 000 0 und d | ||
| 040 | _aLoreto College | ||
| 041 | _aEnglish | ||
| 082 |
_a822.91 _bOCA-COW |
||
| 100 | _aCowasjee, Saros | ||
| 245 |
_aO'casey _cSaros Cowasjee |
||
| 260 |
_aLondon _bOliver and boyd _c1966 |
||
| 300 | _a120p. | ||
| 650 | _aO'casey | ||
| 651 | _aEnglish drama - ciriticism | ||
| 850 | _aLCLIB | ||
| 942 | _cBK | ||
| 999 |
_c22142 _d72621 |
||